Grammy Nominated Albums of the Year, 2000-Now - Statistics

General Stats
  • This quiz has been taken 1,300 times
  • The average score is 56 of 129
Answer Stats
Year Album Artist % Correct
2022 Evermore Taylor Swift
95%
2021 Folklore Taylor Swift
95%
2016 1989 Taylor Swift
95%
2014 Red Taylor Swift
95%
2010 Fearless Taylor Swift
95%
2017 25 Adele
90%
2012 21 Adele
90%
2017 Lemonade Beyonce
90%
2015 _______ Beyonce
90%
2010 I Am... Sasha Fierce Beyonce
90%
2022 Donda Kanye West
88%
2008 Graduation Kanye West
88%
2006 Late Registration Kanye West
88%
2005 The College Dropout Kanye West
88%
2018 24K Magic Bruno Mars
87%
2012 Doo-Wops & Hooligas Bruno Mars
87%
2012 Born This Way Lady Gaga
86%
2011 The Fame Monster Lady Gaga
86%
2010 The Fame Lady Gaga
86%
2022 Love for Sale Tony Bennett & Lady Gaga
86%
2020 Thank U, Next Ariana Grande
85%
2011 Recovery Eminem
81%
2003 The ______ Show Eminem
81%
2001 The Marshall Mathers LP Eminem
81%
2011 Teenage Dream Katy Perry
81%
2022 Happier Than Ever Billie Eilish
77%
2020 When We All Fall Asleep, Where Do We Go? Billie Eilish
77%
2021 Everyday Life Coldplay
75%
2009 Viva la Vida or Death and All His Friends Coldplay
75%
2018 DAMN. Kendrick Lamar
74%
2016 To Pimp a Butterfly Kendrick Lamar
74%
2014 Good Kid, M.A.A.D City Kendrick Lamar
74%
2005 American Idiot Green Day
72%
2018 4:44 Jay-Z
72%
2022 Montero Lil Nas X
72%
2020 7 Lil Nas X
72%
2008 Back to Black Amy Winehouse
70%
2019 Scorpion Drake
63%
2017 Views Drake
63%
2022 Sour Olivia Rodrigo
63%
2015 X Ed Sheeran
61%
2022 Justice Justin Bieber
59%
2017 Purpose Justin Bieber
59%
2021 Future Nostalgia Dua Lipa
57%
2020 Norman F*****g Rockwell! Lana Del Rey
55%
2007 FutureSex/LoveSounds Justin Timberlake
53%
2004 Justified Justin Timberlake
53%
2012 Loud Rihanna
53%
2014 Random Access Memories Daft Punk
51%
2004 Speakerboxxx/The Love Below OutKast
50%
2002 Stankonia OutKast
50%
2021 Hollywood's Bleeding Post Malone
50%
2019 Beerbongs & Bentleys Post Malone
50%
2022 Planet Her Doja Cat
48%
2019 Invasion of Privacy Cardi B
45%
2018 Melodrama Lorde
45%
2009 In Rainbows Radiohead
45%
2001 Kid A Radiohead
45%
2013 Channel Orange Frank Ocean
44%
2009 Tha Carter III Lil Wayne
44%
2016 Beauty Behind the Madness The Weeknd
44%
2006 How to Dismantle an Atomic Bomb U2
42%
2002 All That You Can't Leave Behind U2
42%
2013 Some Nights Fun.
41%
2006 The Emancipation of Mimi Mariah Carey
38%
2010 The E.N.D. The Black Eyed Peas
37%
2005 Confessions Usher
37%
2011 Need You Now Lady Antebellum
36%
2020 Cuz I Love You Lizzo
35%
2014 The Heist Macklemore & Ryan Lewis
35%
2018 "Awaken, My Love!" Childish Gambino
33%
2019 Golden Hour Kacey Musgraves
32%
2015 In the Lonely Hour Sam Smith
31%
2003 Come Away with Me Norah Jones
30%
2007 Stadium Arcadium Red Hot Chili Peppers
30%
2011 The Suburbs Arcade Fire
29%
2005 The Diary of ______ ____ Alicia Keys
28%
2015 Morning Phase Beck
28%
2001 Midnite Vultures Beck
28%
2022 We Are Jon Batiste
27%
2000 Supernatural Santana
26%
2013 Babel Mumford & Sons
25%
2000 Millennium Backstreet Boys
22%
2022 Back of My Mind H.E.R.
22%
2020 I Used to Know Her H.E.R.
22%
2019 ______ H.E.R.
22%
2012 Wasting Light Foo Fighters
21%
2008 Echoes, Silence, Patience & Grace Foo Fighters
21%
2006 Love. Angel. Music. Baby. Gwen Stefani
21%
2015 Girl Pharell Williams
21%
2013 Blunderbuss Jack White
19%
2013 El Camino The Black Keys
19%
2004 Elephant The White Stripes
19%
2021 Women in Music Pt. III Haim
18%
2019 Dirty Computer Janelle Monae
18%
2003 _____ville Nelly
14%
2000 FanMail TLC
14%
2003 The Rising Bruce Springsteen
13%
2007 Continuum John Mayer
13%
2009 Raising Sand Robert Plant & Alison Krauss
13%
2020 I, I Bon Iver
12%
2007 Taking the Long Way Dixie Chicks
12%
2003 Home Dixie Chicks
12%
2000 Fly Dixie Chicks
12%
2005 Genius Loves Company Ray Charles
12%
2004 Under Construction Missy Elliott
11%
2016 Traveller Chris Stapleton
10%
2009 Year of the Gentleman Ne-Yo
10%
2004 Fallen Evanescence
9%
2007 St. Elsewhere Gnarls Barkley
9%
2021 Djesse Vol. 3 Jacob Collier
9%
2021 Chilombo Jhené Aiko
9%
2020 Father of the Bride Vampire Weekend
9%
2016 Sound & Color Alabama Shakes
8%
2002 Love and Theft Bob Dylan
8%
2008 River: The Joni Letters Herbie Hancock
8%
2006 Chaos and Creation in the Backyard Paul McCartney
8%
2001 Two Against Nature Steely Dan
7%
2001 You're the One Paul Simon
6%
2017 A Sailor's Guide to Earth Sturgill Simpson
6%
2021 _____ _____ (Deluxe Edition) Black Pumas
5%
2019 By the Way, I Forgive You Brandi Carlile
5%
2010 Big Whiskey & the GrooGrux King Dave Matthews Band
5%
2014 The Blessed Unrest Sara Bareilles
4%
2002 Acoustic Soul India.Arie
3%
2000 When I Look in Your Eyes Diana Krall
2%
2019 Black Panther: The Album, Music from and Inspired By Various Artists
1%
2002 O Brother, Where Art Thou? - Soundtrack Various Artists
1%
2008 These Days Vince Gill
1%
No matching quizzes found
Score Distribution
Percent of People with Each Score
Percentile by Number Answered
Your Score History
You have not taken this quiz